| 000 | 00603nam a22002057a 4500 | ||
|---|---|---|---|
| 003 | OSt | ||
| 005 | 20180116183100.0 | ||
| 008 | 161202b xxu||||| |||| 00| 0 eng d | ||
| 020 | _a9789332518353 | ||
| 040 | _c0 | ||
| 082 | _a658.049 DER 2014 | ||
| 100 | _aDeresky,Helen | ||
| 245 |
_aInternational Management : _bManaging Across Borders and Cultures,Text and Cases _cHelen Deresky |
||
| 250 | _a8th ed. | ||
| 260 |
_aIndia _bPEARSON _c2014 |
||
| 300 |
_a401p. _bPB. |
||
| 440 | _aInternational Management :Managing Across Borders and Cultures,Text and Cases | ||
| 500 | _aPB. | ||
| 942 |
_2ddc _cBK |
||
| 999 |
_c351953 _d351953 |
||